Trouve le pilote de F1 (lettre V) - Statistiques

Statistiques générales
  • Ce quiz a été pris 54 fois
  • Le résultat moyen est 6 sur 7
Statistiques - réponses
Par images Réponse % Correct
Jos Verstappen
100%
Max Verstappen
100%
Sebastian Vettel
95%
Gilles Villeneuve
91%
Jacques Villeneuve
91%
Jean-Éric Vergne
58%
Stoffel Vandoorne
30%
Aucun quiz correspondant
Distribution des résultats
% des personnes avec chaque résultat
Percentile par nombre de réponses
Votre historique - résultats
Vous n’avez pas pris ce quiz